Where do all these airplanes come from? - Statistics

General Stats
  • This quiz has been taken 471 times
  • The average score is 10 of 19
Answer Stats
Hint Answer % Correct
Airbus EU
99%
Boeing United States
98%
Beriev Russia
90%
Antonov Ukraine
81%
Bombardier Canada
80%
Embraer Brazil
74%
Saab AB Sweden
65%
Hafei China
60%
Hindustan Aeronautics Limited India
59%
Piaggio Aerospace Italy
55%
Fokker (RIP) Netherlands
44%
Hellenic Aerospace Industry Greece
43%
Britten-Norman United Kingdom
39%
Pilatus Switzerland
31%
Hava Faza Dorna Iran
15%
Pacific Aerospace Ltd New Zealand
14%
Zlin Aviation Czech Republic
13%
Dirgantara (country) Indonesia
13%
SkyReach Aircraft South Africa
10%
No matching quizzes found
Score Distribution
Percent of People with Each Score
Percentile by Number Answered
Your Score History
You have not taken this quiz